000 00601nam a2200205 a 4500
001 BRCA_2628
005 20190320203909.0
008 011208s1929----fr-a---###---#000-0#fre-#
050 4 _aNE1149
_b.G87 1929
100 1 _aGusman, Pierre
_97484
245 1 0 _aLa gravure sur bois en France au XIXe Siécle
_cPierre Gusman.
260 _aParis
_bA. Morance
_c1929
300 _a320 p.
_bil., 96 láminas
_c29 cm.
500 _aIncluye índice onomástico
500 _aA91
650 1 4 _aGrabado en madera
_zFrancia
_97485
650 1 4 _aGrabado en madera
_eHistoria
_97409
902 _aGFM
942 _2lcc
_cB
999 _c2368
_d2368